[Event "HUN Youth Ch U 8 Girls Final"]
[Site "?"]
[Date "2013.06.26"]
[Round "7.3"]
[White "Karacsonyi, Kata"]
[Black "Sulyok, Eszter"]
[Result "0-1"]
[WhiteElo "1309"]
[BlackElo "1288"]
[PlyCount "72"]
[EventDate "2013.??.??"]

1. e4 c5 2. Nf3 e6 3. d4 cxd4 4. Nxd4 a6 5. Nc3 Qc7 6. Bd3 Nc6 7. Nxc6 bxc6 8.
O-O Nf6 9. Re1 Bd6 10. h3 Be7 11. Bg5 d5 12. exd5 cxd5 13. Bxf6 gxf6 14. Qf3
Bb7 15. Qg4 Kd7 16. Rad1 Bc5 17. Qa4+ Bc6 18. Qh4 Ke7 19. Bf5 Rag8 20. Rxd5 Qa7
21. Rd2 Rxg2+ 22. Kf1 Rxf2+ 23. Rxf2 Bxf2 24. Qxf2 Qb7 25. Qc5+ Ke8 26. Qd6
Bb5+ 27. Kf2 Rg8 28. Ke3 Qa7+ 29. Qd4 Rg3+ 30. Ke4 Bc6+ 31. Nd5 Bxd5+ 32. Kf4
Qxd4+ 33. Kxg3 Qd2 34. Rg1 Qe3+ 35. Kh4 Qxg1 36. b3 Qg5# 0-1

[Event "HUN Youth Ch U10 Girls Final"]
[Site "?"]
[Date "2013.06.29"]
[Round "7.1"]
[White "Olle, Rebeka Sara"]
[Black "Juhasz, Judit"]
[Result "0-1"]
[WhiteElo "1510"]
[BlackElo "1575"]
[PlyCount "64"]
[EventDate "2013.??.??"]

1. e4 c5 2. Nf3 Nc6 3. c3 d5 4. exd5 Qxd5 5. d4 Bg4 6. Be2 cxd4 7. cxd4 e6 8.
Nc3 Qa5 9. O-O Nf6 10. h3 Bh5 11. Qb3 Qb4 12. Qxb4 Bxb4 13. Be3 O-O 14. g4 Bg6
15. Nd2 Rfd8 16. a3 Be7 17. Nf3 Nd5 18. Nxd5 Rxd5 19. Bc4 Rd7 20. Rad1 Be4 21.
Kg2 Rad8 22. Be2 Nxd4 23. Bxd4 Rxd4 24. Rxd4 Rxd4 25. Kg3 Bd6+ 26. Kh4 Bxf3 27.
Bxf3 b6 28. Rc1 g6 29. Rc8+ Kg7 30. Rc6 Rd2 31. Be4 Bc5 32. f3 Bf2+ 0-1

[Event "HUN Youth Ch U12 Girls Final"]
[Site "?"]
[Date "2013.06.27"]
[Round "7.1"]
[White "Kurucz, Blanka"]
[Black "Kiss, Rebeka"]
[Result "1-0"]
[WhiteElo "1406"]
[BlackElo "1512"]
[PlyCount "75"]
[EventDate "2013.??.??"]

1. d4 d5 2. c4 c6 3. Nc3 Nf6 4. e3 g6 5. Nf3 Bg7 6. Be2 O-O 7. O-O Bg4 8. cxd5
cxd5 9. Qb3 Qd7 10. Ne5 Qc8 11. Bxg4 Nxg4 12. Nxg4 Qxg4 13. Qxb7 Qd7 14. Qxd7
Nxd7 15. Nxd5 e6 16. Ne7+ Kh8 17. b3 Rfe8 18. Ba3 Bf8 19. Rac1 Bxe7 20. Bxe7
Rxe7 21. Rc7 a6 22. Rfc1 Kg7 23. Rb7 Rd8 24. Rcc7 Kf6 25. Ra7 h5 26. Kf1 a5 27.
Ke2 Ree8 28. Rxd7 Rxd7 29. Rxd7 Ra8 30. Kd3 Kg7 31. e4 Kf8 32. d5 Ke8 33. Rc7
Rd8 34. Kc4 Kf8 35. Kc5 exd5 36. exd5 Re8 37. d6 Re2 38. Rc8+ 1-0

[Event "HUN Youth Ch U12 Girls Final"]
[Site "?"]
[Date "2013.06.27"]
[Round "7.3"]
[White "Laszlo, Dalma"]
[Black "Kocsis, Anett"]
[Result "1/2-1/2"]
[WhiteElo "1345"]
[BlackElo "1644"]
[PlyCount "69"]
[EventDate "2013.??.??"]

1. e4 c5 2. c3 d5 3. exd5 Qxd5 4. d4 cxd4 5. cxd4 Nc6 6. Nf3 e5 7. Nc3 Bb4 8.
Bd2 Bxc3 9. Bxc3 e4 10. Ne5 Nxe5 11. dxe5 Ne7 12. Qc2 Qc6 13. Rd1 Bf5 14. Rd6
Qc7 15. Bb5+ Nc6 16. Qa4 O-O 17. Bxc6 bxc6 18. Qxc6 Qxc6 19. Rxc6 Rfc8 20.
Rxc8+ Rxc8 21. O-O Rd8 22. f3 exf3 23. Rxf3 Be6 24. a3 h6 25. Rf4 a6 26. Rd4
Rxd4 27. Bxd4 Kf8 28. Kf1 Ke7 29. Bc5+ Ke8 30. Ke2 h5 31. Kd3 Kd7 32. Kd4 Kc6
33. Bf8 g6 34. b4 Kb5 35. Kc3 1/2-1/2

[Event "HUN Youth Ch U12 Girls Final"]
[Site "?"]
[Date "2013.06.27"]
[Round "7.4"]
[White "Mayer, Boglarka"]
[Black "Lengyel, Andrea"]
[Result "0-1"]
[WhiteElo "1392"]
[BlackElo "1713"]
[PlyCount "48"]
[EventDate "2013.??.??"]

1. e4 c5 2. Nf3 Nc6 3. c4 e5 4. Nc3 d6 5. Be2 g6 6. O-O Bg7 7. d3 Nge7 8. Bd2
f5 9. Ne1 O-O 10. Nc2 f4 11. g3 Bh3 12. Re1 Qd7 13. Nd5 Nxd5 14. cxd5 Ne7 15.
b4 b6 16. a3 Rf7 17. Bf3 Raf8 18. gxf4 exf4 19. Rb1 h5 20. bxc5 bxc5 21. Bc1
Kh8 22. d4 cxd4 23. Nxd4 Kh7 24. Ne2 Bg4 0-1

[Event "HUN Youth Ch U12 Girls Final"]
[Site "?"]
[Date "2013.06.27"]
[Round "7.5"]
[White "Terjek, Agota"]
[Black "Erseki, Tamara"]
[Result "0-1"]
[WhiteElo "1314"]
[BlackElo "1632"]
[PlyCount "44"]
[EventDate "2013.??.??"]

1. d4 Nf6 2. c4 c5 3. d5 d6 4. Nc3 g6 5. g3 Bg7 6. Bg2 O-O 7. Nf3 e6 8. dxe6
Bxe6 9. Qb3 Qd7 10. Ng5 Nc6 11. Bf4 Nd4 12. Qd1 Bxc4 13. e3 Nf5 14. Bh3 h6 15.
Nf3 Rad8 16. e4 Rfe8 17. Qc2 Qc6 18. b3 Ba6 19. O-O-O Nxe4 20. Nxe4 Rxe4 21.
Bg2 Re2 22. Qb1 Bb2+ 0-1

[Event "HUN Youth Ch U14 Girls Final"]
[Site "?"]
[Date "2013.06.27"]
[Round "7.1"]
[White "Kassay, Lilla"]
[Black "Szakasics, Emese"]
[Result "1/2-1/2"]
[WhiteElo "1741"]
[BlackElo "1655"]
[PlyCount "68"]
[EventDate "2013.??.??"]

1. e4 e5 2. Nf3 Nc6 3. Bc4 Bc5 4. c3 Nf6 5. d3 d6 6. Bb3 a6 7. Nbd2 Ba7 8. Nf1
Ne7 9. h3 Ng6 10. Ng3 c6 11. O-O O-O 12. d4 Qc7 13. Bg5 Nd7 14. Nh2 h6 15. Qh5
d5 16. Be3 Nf6 17. Qe2 dxe4 18. Nh5 Nd5 19. Ng4 exd4 20. cxd4 f5 21. Nh2 Bb8
22. g3 Kh7 23. Bxd5 cxd5 24. Nf4 Ne7 25. Rac1 Qd6 26. Qd2 g5 27. Ng2 Ng6 28. f4
gxf4 29. Nxf4 Nxf4 30. Bxf4 Qg6 31. Bxb8 Rxb8 32. Rc7+ Kh8 33. Qf4 Be6 34. Rfc1
Rfe8 1/2-1/2

[Event "HUN Youth Ch U14 Girls Final"]
[Site "?"]
[Date "2013.06.27"]
[Round "7.2"]
[White "Simon, Lili"]
[Black "Koltai, Anna"]
[Result "1-0"]
[WhiteElo "1853"]
[BlackElo "1579"]
[PlyCount "91"]
[EventDate "2013.??.??"]

1. c4 Nf6 2. g3 g6 3. Bg2 Bg7 4. Nc3 O-O 5. e4 Nc6 6. Nge2 d6 7. d3 e5 8. O-O
Be6 9. Nd5 Nd4 10. b4 c6 11. Ne3 Qd7 12. Bb2 Nxe2+ 13. Qxe2 Bh3 14. Rab1 Bxg2
15. Kxg2 h5 16. h4 Rac8 17. Bc3 Rfe8 18. Qb2 Ng4 19. Nxg4 Qxg4 20. b5 c5 21.
Qc2 Bf6 22. Qd1 Qxd1 23. Rfxd1 b6 24. Rb3 Kg7 25. Ra3 Rc7 26. Ra6 Rb7 27. a4
Rd8 28. a5 Rdd7 29. Ra1 Kf8 30. axb6 axb6 31. Bd2 Kg7 32. f3 Bd8 33. Kh3 Be7
34. Bg5 f6 35. Bd2 g5 36. Ra8 Rd8 37. Rxd8 Bxd8 38. Ra8 Be7 39. g4 hxg4+ 40.
Kxg4 gxh4 41. Kxh4 f5+ 42. Bg5 Bxg5+ 43. Kxg5 fxe4 44. fxe4 Kf7 45. Kf5 Ke7 46.
Rh8 1-0

[Event "HUN Youth Ch U14 Girls Final"]
[Site "?"]
[Date "2013.06.27"]
[Round "7.4"]
[White "Szucs, Edina"]
[Black "Kurcsics, Erika"]
[Result "1/2-1/2"]
[WhiteElo "1445"]
[BlackElo "1743"]
[PlyCount "87"]
[EventDate "2013.??.??"]

1. e4 c5 2. Nf3 g6 3. d4 cxd4 4. Nxd4 Bg7 5. c4 Nc6 6. Be3 Nf6 7. Nc3 O-O 8.
Be2 d6 9. O-O Bd7 10. f3 a6 11. Qd2 Re8 12. Rab1 Nxd4 13. Bxd4 Nh5 14. Be3 Rf8
15. Rfd1 Be6 16. b4 Qc7 17. Rbc1 Rac8 18. a4 b6 19. Rf1 Qb7 20. Nd5 Bxd5 21.
Qxd5 Rb8 22. Qxb7 Rxb7 23. c5 bxc5 24. bxc5 Rb3 25. Bf2 Ra3 26. cxd6 exd6 27.
Bxa6 Rxa4 28. Bb7 Rb4 29. Bd5 Nf4 30. Rcd1 g5 31. g3 Nh3+ 32. Kg2 Nxf2 33. Rxf2
Bd4 34. Rfd2 Bc5 35. Rc2 Rfb8 36. e5 Rb2 37. Rdd2 Rxc2 38. Rxc2 Rd8 39. exd6
Bxd6 40. Rd2 Be7 41. Rd3 Kg7 42. Be4 Rxd3 43. Bxd3 h5 44. g4 1/2-1/2

[Event "HUN Youth Ch U14 Girls Final"]
[Site "?"]
[Date "2013.06.27"]
[Round "7.5"]
[White "Vanczak, Virag"]
[Black "Giczi, Alexandra Laura"]
[Result "0-1"]
[WhiteElo "1385"]
[BlackElo "1452"]
[PlyCount "132"]
[EventDate "2013.??.??"]

1. e4 e6 2. d4 d5 3. e5 c5 4. c3 Nc6 5. Nf3 h6 6. Be2 Nge7 7. Na3 a6 8. Be3 Nf5
9. Nc2 Nxe3 10. fxe3 Be7 11. O-O b5 12. Kh1 Bb7 13. Ng1 Qb6 14. Nh3 Rf8 15. Nf4
O-O-O 16. Nh5 g6 17. Nf6 Bxf6 18. Rxf6 Nb8 19. Qf1 Qc7 20. Bd3 Qe7 21. Qf2 Nd7
22. Rf3 f5 23. exf6 Rxf6 24. Rxf6 Nxf6 25. Bxg6 c4 26. Ne1 Rg8 27. Bc2 Ng4 28.
Qe2 Qh4 29. Nf3 Qh5 30. Kg1 e5 31. h3 e4 32. hxg4 exf3 33. gxh5 fxe2 34. Re1
Rg5 35. Bg6 Kc7 36. Rxe2 Bc8 37. Rf2 Bg4 38. Rf6 a5 39. Kf2 Bxh5 40. Bc2 Rg8
41. Rxh6 Rf8+ 42. Ke1 Be8 43. g4 Rg8 44. Rh4 Kb6 45. Kf2 a4 46. Kg3 Ka5 47. Bf5
Bf7 48. Rh7 Be8 49. Kh4 b4 50. Rc7 a3 51. cxb4+ Kb6 52. Rc5 axb2 53. Rxd5 Bf7
54. Rd6+ Kb5 55. Bd7+ Kxb4 56. Rb6+ Kc3 57. Bf5 Re8 58. e4 Rd8 59. d5 Rd6 60.
Rb5 Be8 61. e5 Bxb5 62. exd6 Kd2 63. g5 c3 64. g6 c2 65. Bxc2 Kxc2 66. g7 b1=Q
0-1

[Event "HUN Youth Ch U16 Girls Final"]
[Site "?"]
[Date "2013.06.27"]
[Round "7.1"]
[White "Terbe, Zsuzsanna"]
[Black "Fekete, Agnes"]
[Result "1-0"]
[WhiteElo "1866"]
[BlackElo "1701"]
[PlyCount "89"]
[EventDate "2013.??.??"]

1. e4 c5 2. Nf3 e6 3. c4 d6 4. d4 cxd4 5. Nxd4 Nf6 6. Nc3 Be7 7. Be2 O-O 8. Be3
Nc6 9. O-O a6 10. f3 Bd7 11. Qd2 Rc8 12. Rac1 Ne5 13. b3 Qa5 14. Nd5 Qd8 15.
Nxe7+ Qxe7 16. Rfd1 d5 17. exd5 exd5 18. cxd5 Nxd5 19. Bf2 Rxc1 20. Rxc1 Rc8
21. Re1 Qf6 22. Bf1 Rd8 23. Qa5 Nc6 24. Qxd5 Be6 25. Rxe6 fxe6 26. Qxe6+ Qxe6
27. Nxe6 Rd2 28. a3 Rb2 29. Nc5 Kf8 30. b4 a5 31. b5 Nd8 32. Be1 Rc2 33. Bxa5
Ke8 34. Bb4 b6 35. Na4 Ne6 36. Nxb6 Nd4 37. a4 Rc1 38. Kf2 Nf5 39. Bd3 g6 40.
a5 Ra1 41. Bc4 Kd8 42. a6 Kc7 43. Nd5+ Kb8 44. Bc5 Rc1 45. a7+ 1-0

[Event "HUN Youth Ch U16 Girls Final"]
[Site "?"]
[Date "2013.06.27"]
[Round "7.2"]
[White "Arvai, Eszter"]
[Black "Miseta, Nora"]
[Result "1-0"]
[WhiteElo "1889"]
[BlackElo "1619"]
[PlyCount "115"]
[EventDate "2013.??.??"]

1. e4 c5 2. Nf3 Nc6 3. d3 g6 4. g3 Bg7 5. Bg2 e5 6. c3 d6 7. O-O Nge7 8. Be3 f5
9. exf5 gxf5 10. Ng5 O-O 11. Qb3+ d5 12. Bxc5 Kh8 13. Qd1 h6 14. Qh5 Kg8 15.
Nf3 f4 16. Nh4 Rf7 17. c4 Be6 18. Qe2 Rc8 19. Na3 b6 20. Bxe7 Nxe7 21. Rac1 Nc6
22. Nc2 Rfc7 23. b3 Rd7 24. Rfd1 Bf6 25. Nf3 Bf5 26. Nfe1 Ne7 27. Nb4 Bg5 28.
Nf3 dxc4 29. dxc4 fxg3 30. Nxg5 gxf2+ 31. Kxf2 hxg5 32. Rxd7 Qxd7 33. Rd1 Qc7
34. Nd5 Nxd5 35. Bxd5+ Kg7 36. Re1 Re8 37. Qh5 Qc5+ 38. Kg2 Qe7 39. h4 Bg6 40.
Qxg5 Qxg5+ 41. hxg5 Bf5 42. Kf3 Kg6 43. Rg1 Rg8 44. Be4 Bxe4+ 45. Kxe4 Re8 46.
b4 Rc8 47. Rc1 Kxg5 48. Kxe5 Kg6 49. Ke6 Re8+ 50. Kd7 Re2 51. c5 bxc5 52. bxc5
Rxa2 53. c6 Rd2+ 54. Kc8 Rb2 55. c7 Kf7 56. Kd7 Rb7 57. Kc6 Rb6+ 58. Kc5 1-0

[Event "HUN Youth Ch U16 Girls Final"]
[Site "?"]
[Date "2013.06.27"]
[Round "7.3"]
[White "Terbe, Julianna"]
[Black "Haszon, Kamilla Sara"]
[Result "1/2-1/2"]
[WhiteElo "1928"]
[BlackElo "1916"]
[PlyCount "25"]
[EventDate "2013.??.??"]

1. e4 c5 2. c4 d6 3. Ne2 Nf6 4. Nbc3 g6 5. d4 cxd4 6. Nxd4 Bg7 7. Be2 Nc6 8.
Be3 O-O 9. O-O Bd7 10. f3 Rc8 11. Qd2 Ne5 12. b3 Re8 13. Rac1 1/2-1/2

[Event "HUN Youth Ch U16 Girls Final"]
[Site "?"]
[Date "2013.06.27"]
[Round "7.4"]
[White "Gombos, Bettina"]
[Black "Acs, Petra"]
[Result "1-0"]
[WhiteElo "1979"]
[BlackElo "1699"]
[PlyCount "61"]
[EventDate "2013.??.??"]

1. e4 e6 2. d4 d5 3. Nd2 dxe4 4. Nxe4 Bd7 5. Nf3 Bc6 6. Bd3 Nd7 7. O-O Ngf6 8.
Ng3 g6 9. c4 Bxf3 10. Qxf3 c6 11. b3 Bg7 12. Bf4 O-O 13. Rad1 Re8 14. Rfe1 Qa5
15. Bb1 Rad8 16. h4 Rc8 17. Bd2 Qc7 18. h5 c5 19. hxg6 hxg6 20. Bc3 b6 21. Ne2
Qc6 22. Qf4 Qb7 23. Qh4 Nh5 24. Bd2 cxd4 25. Nxd4 Rc5 26. Nb5 Qb8 27. Be3 Re5
28. Rxd7 Nf6 29. Rdd1 Rh5 30. Qf4 Qa8 31. Nc7 1-0